000 00474nam a2200169 i 4500
001 37872
003 ES-MaACL
005 20230906155645.0
007 t|
008 030224s1911 fr ||||1| fre d
100 1 _aCahen, Georges.
_933436
245 1 4 _aLes fonctionnaires
_b: leur action corporative /
_cGeorges Cahen.
260 _aCoulommiers :
_bP. Brodard,
_c1911.
300 _aVIII, 394 p. ;
_c19 cm.
650 0 4 _aFuncionarios.
_913009
852 _aES-MaACL
_jF-5838
999 _c37872
_d37872